La democracia en América

সংরক্ষণ করুন:
গ্রন্থ-পঞ্জীর বিবরন
প্রধান লেখক: Tocqueville, Alexis de (Author)
বিন্যাস: গ্রন্থ
ভাষা:স্প্যানিশ
প্রকাশিত: Madrid Ediciones Akal S. A 2007
সংস্করন:1a. ed
মালা:Básica de Bolsillo, 133
বিষয়গুলি:
ট্যাগগুলো: ট্যাগ যুক্ত করুন
কোনো ট্যাগ নেই, প্রথমজন হিসাবে ট্যাগ করুন!

MARC

LEADER 00000cam a2200000 a 4500
001 UCE8920
003 CL-VaPUC
008 150911e20070000sp |||||||||||||||||spa|d
020 |a 9788446025924 
082 0 4 |a 320.973  |b TOC  |2 21 
100 0 |a Tocqueville, Alexis de  |e author  |9 315351 
245 1 3 |a La democracia en América 
250 |a 1a. ed 
300 |a 914 p 
942 |c BK 
945 |d 20150911 12:29:00  |a dcastane 
260 |a Madrid  |b Ediciones Akal S. A  |c 2007 
650 0 |a Democracia  |9 255256 
650 0 |a Historia de Estados Unidos  |9 354186 
583 |a last modification  |c 20150911 12:29:00  |k Rodrigo Vera 
490 0 |a Básica de Bolsillo, 133 
999 |c 360682  |d 360680 
952 |0 0  |1 0  |3 erb  |4 0  |6 320_973000000000000_TOC_2007  |7 0  |8 A  |9 470569  |a BIBEDU  |b BIBEDU  |i 519802K  |l 4  |m 2  |o 320.973 TOC 2007  |p 519802K  |r 2024-11-25  |s 2024-11-13  |w 2019-11-23  |y BK  |z Catalogado en:20150911  |k FIL